| Tag |
First Indicator |
Second Indicator |
Subfields |
| LEADER |
00000cam a22000001 4500 |
| 001 |
in00002450321 |
| 005 |
20151111044336.0 |
| 008 |
760810s1947 txu s000 0 eng |
| 010 |
|
|
|a 48045316
|
| 035 |
|
|
|a (OCoLC)ocm02363505
|
| 035 |
|
|
|a (OCoLC)2363505
|
| 040 |
|
|
|a DLC
|c IWU
|d DLC
|d OCLCQ
|d TXA
|d UtOrBLW
|
| 043 |
|
|
|a n-us-tx
|
| 049 |
|
|
|a TXAM
|
| 050 |
0 |
0 |
|a Z675.S3
|b L55 1947d
|
| 082 |
0 |
|
|a 027.82
|
| 090 |
|
|
|a E500.7 B936 NO.482
|
| 111 |
2 |
|
|a Library Leadership Workshop
|d (1947 :
|c North Texas State College)
|
| 245 |
1 |
0 |
|a Texas School libraries ;
|b a manual of practices and procedures.
|
| 264 |
|
1 |
|a Austin,
|b [publisher not identified] ;
|c [1947]
|
| 300 |
|
|
|a 98 pages ;
|c 23 cm.
|
| 336 |
|
|
|a text
|b txt
|2 rdacontent
|
| 337 |
|
|
|a unmediated
|b n
|2 rdamedia
|
| 338 |
|
|
|a volume
|b nc
|2 rdacarrier
|
| 490 |
1 |
|
|a Texas. Dept. of Education. Bulletin ;
|v no. 482
|
| 650 |
|
0 |
|a School libraries
|z Texas
|v Congresses.
|
| 830 |
|
0 |
|a Bulletin (Texas Education Agency) ;
|v no. 482.
|
| 948 |
|
|
|a cataloged
|b h
|c 2009/08/04
|e revaughan
|f 4:02:29 pm
|
| 994 |
|
|
|a C0
|b TXA
|
| 999 |
|
|
|a MARS
|
| 999 |
f |
f |
|s 2db021d0-fbc9-3268-9790-563bb32f3c50
|i 2062f8ba-afea-3b76-8048-cdc56d776550
|t 0
|
| 952 |
f |
f |
|p normal
|a Texas A&M University
|b College Station
|c Sterling C. Evans Library
|d Evans: Texas Documents (Annex 5th floor)
|t 0
|e E500.7 B936 NO.481-
|h Superintendent of Documents classification
|i unmediated -- volume
|m A14837337582
|
| 952 |
f |
f |
|a Texas A&M University
|b College Station
|c Sterling C. Evans Library
|d Evans: Texas Documents (Annex 5th floor)
|t 0
|e E500.7 B936 NO.481-
|h Superintendent of Documents classification
|
| 998 |
f |
f |
|a E500.7 B936 NO.481-
|s no.481-486,489
|t 0
|l Evans: Texas Documents (Annex 5th floor)
|